01837cam a22002534a 4500020001500000040000800015082002600023110001600049245003800065260004700103300003100150520104700181650001601228650001701244650004201261650004601303650002401349650003801373650003801411650002501449650003201474710001601506856006101522 a0821348981 cDLC a338 WOR 2001 A070 Or.2 aWorld Bank.10aWorld Development Indicators 2001 aWashington, D.C. :bThe World Bank,c2001. a1 online resource (400 p.)3 aNow in its 5th edition, the World Bank's respected statistical reference publication provides a comprehensive view of the world economy. The print edition contains over 80 tables and 600 indicators for 148 economies and 14 country groups, with basic indicators for a further 59 economies. The book contains new tables on social indicators of poverty and global environmental issues. This year's edition retains the basic thematic presentation with six sections covering World View, People, Environment, Economy, States and Markets, and Global Links. World Development Indicators 2001 contains a wealth of information including: A special graphical report on progress toward International Development Goals. The most recent data on poverty, education, health, and the environment from around the world. New data on gender and development drawn from the World Bank's recent policy research report. New data on the digital divide and how Information Communication Technology is changing the process of development. New data on the world economy. 4aE-Business. 4aEnvironment. 4aEnvironmental Economics and Policies. 4aFinance and Financial Sector Development. 4aFinancial Literacy. 4aHealth Monitoring and Evaluation. 4aHealth, Nutrition and Population. 4aPopulation Policies. 4aPrivate Sector Development.2 aWorld Bank.40uhttp://elibrary.worldbank.org/content/book/9780821348987